01249nam a22003137a 4500001000700000003000900007005001700016007000700033008003200040020001800072040002500090082002900115100003400144245003200178260004200210300003000252490003300282590002600315600000600341650003400347650001800381651004800399910004100447942001200488952013600500952014100636952014100777999001700918000355DO-SdBPM20250211104703.0000355160705b2009 p ||| 00| 0 spa d a9786034026049 aDO-SdBPMbspacBPMSU 4a891.74 bG669m 20092221 aGorki, Máximo d 868-1936. 13aLa madre /cMáximo Gorki. aLima, Perú : bDidáctica, c2009. a190 p. :bil. ; c17 cm. 0 aBiblioteca básica escolar  aInventariado, 2025/VM 2  4aLiteratura rusa ySiglo XX.  4aNovela rusa.  aRusia xHistoriayRevolución, 1917-1921  aVMateo V. Control de calidad. BPMSU  2ddccBK 00102ddc40708CJ-GaBPMETbBPMETd2016-07-05eCOMPRAl0oBPMSU CJG 891.74 G669m 2009pBPMSU16070079r2016-07-05w2016-07-05yBK 00102ddc40708CJ-GaBPMETbBPMETd2016-07-05eCOMPRAl0oBPMSU CJG 891.74 G669m 2009pBPMSU16070080r2016-07-05te.2w2016-07-05yBK 00102ddc40708CJ-GaBPMETbBPMETd2016-07-05eCompral0oBPMSU CJG 891.74 G669m 2009pBPMSU16070081r2016-07-05te.3w2016-07-05yBK c10691d10691